Quiz de 1 à 99 - Statistiques

Statistiques générales
  • Ce quiz a été pris 763 fois
  • Le résultat moyen est 37 sur 99
Statistiques - réponses
Indice Nombre % Correct
Âge auquel Emmanuel Macron annonce sa candidature aux présidentielles de 2017, le 16 novembre 2016 38
86%
Année de la première victoire française en coupe du monde de football (19..) 98
85%
Année de la grande révolte des étudiants en France, lors du mois de mai (19..) 68
78%
Âge supposé de Jésus Christ lors de sa crucifixion 33
76%
Nombre d'heures dans un week-end 48
76%
Nombre d'arrondissements à Paris 20
75%
Nombre de branches d'une étoile de mer 5
75%
Nombre de couleurs dans un arc-en-ciel 7
73%
Numéro du vendredi censé porter malheur 13
72%
Nombre usuel d'heures de travail par semaine en France 35
72%
Nombre d'états aux États-Unis 50
72%
Numéro d'urgence pour appeler les pompiers 18
69%
Nombre de semaines complètes dans une année 52
69%
Âge de décès de Charles Aznavour 94
69%
Nombre de Tortues Ninja dans le comics éponyme 4
68%
Équivalent à LXXIX en chiffres romains 79
68%
Numéro du Louis régnant lors de la Révolution Française 16
67%
Nombre usuel de joueurs sur un terrain de football 22
67%
Nombre de signes du zodiaque en astrologie chinoise 12
65%
Nombre pair et premier 2
65%
Nombre d'années de mariage pour fêter ses noces de diamant 60
65%
Nombre de jours que dure un tour du monde dans un roman de Jules Verne 80
65%
Nombre total de dents chez un humain adulte 32
62%
Numéro de la bille noire au billard américain 8
62%
Numéro usuel de la chaîne BFM TV 15
61%
Nombre de cases d'une grille de sudoku 81
61%
Nombre de reliques de la mort dans la saga "Harry Potter" 3
59%
Nombre de carrés colorés sur un Rubik's cube 54
59%
Nombre de voleurs dans Les Mille et Une Nuits 40
57%
Marque de pastis célèbre 51
57%
Numéro de la plus célèbre route américaine, qui reliait Chicago à Santa Monica 66
57%
Nombre d'Oscars remportés par le fim "Titanic" 11
56%
Nom du club que forment de célèbres stars du rock, toutes décédées au même âge 27
54%
Position sexuelle désignée dans le Kama Sutra par "Congrès du Corbeau" 69
52%
Titre du plus célèbre roman de George Orwell (19..) 84
50%
Taille du judoka David Douillet (1m..) 96
50%
Nombre de cases d'un échiquier 64
49%
Nombre de "Luftballons" (ballons de baudruche) dans le titre d'une chanson de la chanteuse allemande Nena 99
48%
Ligne de métro parisien qui relie les stations Olympiades et Saint-Ouen 14
47%
Nombre usuel de chromosomes chez l'humain 46
46%
Somme maximale des cartes au blackjack 21
45%
Âge de Steven Spielberg atteint le jour de sortie de ce quiz (18 décembre 2021) 75
45%
Nombre de points reçus pour un touchdown au football américain 6
42%
Nombre de côtés d'un ennéagone 9
41%
Nombre de pays traversés par le Danube 19
40%
Nombre de carats de l'or pur 24
40%
Numéro de Donald Trump dans la liste des Présidents Américains 45
38%
Nombre de plaies d'Égypte selon le Livre de l'Exode 10
34%
Numéro de département du Puy-de-Dôme 63
33%
Nombre de cartes dans un jeu de tarot 78
32%
Hauteur d'une table de ping-pong (en centimètres) 76
31%
Nombre record de buts en une année civile au football (en club et en sélection), établi par Lionel Messi 91
31%
Numéro de maillot que Michael Jordan a le plus porté 23
30%
Réponse à la question "Quel est le sens de la vie ?" dans le livre de Douglas Adams "Le Guide du voyageur galactique" 42
30%
Nombre de chiffres au loto (sans numéros chance) 49
30%
Représentation de la "vérité" comme donnée booléenne 1
28%
Nombre de cantons en Suisse 26
28%
Dixième terme de la suite de Fibonacci 34
24%
Nombre d'albums d'Astérix et Obélix (de 1961 à 2019) 37
23%
Nombre d'années d'écart entre Mick Jagger et sa femme 43
22%
Nombre de touches sur un piano standard, noires et blanches 88
22%
Titre du second album de la chanteuse Angèle 95
22%
Nombre de "mores" (syllabes) dans un haïku traditionnel 17
20%
Taille du Vatican en hectares 44
19%
Nombre de "minutes pour vivre" dans le titre du film Die Hard 2 58
19%
Numéro de Pokédex du Pokémon "Pikachu" 25
16%
Numéro de l'agent Hitman, dans les jeux vidéos éponymes 47
16%
Nombre de pages d'un album de tintin (du tome 2 au tome 23) 62
16%
Numéro des Hunger Games dans le premier tome de la saga éponyme 74
16%
Nombre d'épisodes de la série Prison Break (série principale, soit les 4 premières saisons) 90
16%
Nombre d'années du plus long règne de papauté de l'égliste catholique, détenu par Pie IX 31
15%
Nombre inscrit sur les bouteilles de sauce de la marque Heinz 57
15%
Code ASCII pour la lettre latine majuscule "A" 65
15%
Numéro atomique du zinc 30
14%
Nombre de tomes du manga naruto 72
14%
Nombre de tuiles dans un jeu de dominos standard 28
13%
Nombre d'os dans un crâne humain normal 29
13%
Nombre d'hommes qui ont signé la déclaration d'indépendance des États-Unis 56
13%
Nombre de marches dans le titre d'un film d'Alfred Hitchcock de 1935 39
12%
Nombre de communes dans la métropole de Lyon 59
11%
Nombre de satellites naturels connus de Saturne (au 17 novembre 2021) 83
11%
Numéro de l'autoroute reliant Grenoble à Genève 41
10%
Nombre record de lettres pour un nom de localité (nom maori officialisé dans livre Guinness des records) 92
10%
Titre d'un roman de Victor Hugo, contenant une faute voulue par l'auteur 93
10%
Numéro de l'Élysée dans la rue Faubourg-Saint-Honoré 55
9%
Nombre de guérisons miraculeuses de Lourdes 70
9%
Nom d'un jeu télévisé belge 71
9%
Nom d'un groupe de rap belge francophone (Le ..) 77
8%
Nombre de municipalités contenues dans le Grand Montréal 82
8%
Poids en kilos du plus grand turban du monde (645 mètres de long) 85
8%
Identifiant ISBN pour les livres publiés au Danemark 87
8%
Nombre de jetons qui ne valent PAS 10 points au Scrabble français 97
8%
Nombre de stratagèmes dans le plus connu des traités chinois de stratégie 36
7%
Nombre d'étapes le long du Tōkaidō, appelées les stations du Tōkaidō 53
7%
Record de home-run en une seule saison au baseball, établi par Barry Bonds 73
7%
En anglais, verbe/expression signifiant "ignorer" 86
7%
Nombre d'escaliers au Havre dans le nom du circuit touristique 89
7%
Numéro d'indicatif pour appeler en Australie 61
6%
Nombre de thèses du réformateur protestant suisse Ulrich Zwingli 67
5%
Aucun quiz correspondant
Distribution des résultats
% des personnes avec chaque résultat
Percentile par nombre de réponses
Votre historique - résultats
Vous n’avez pas pris ce quiz